000 02252cam a2200265 4500500
005 20251228075713.0
041 _afre
042 _adc
100 1 0 _aMoreau, Didier
_eauthor
245 0 0 _aLa sagesse du futur contre la déraison du présent ; la pensée de l’enfance dans le Romantisme allemand
260 _c2019.
500 _a50
520 _aLa pensée du Romantisme allemand s’est souvent centrée sur l’enfance et la formation de l’homme. Cette étude soutient l’hypothèse que loin d’être anecdotique, si l’on abandonne la vision caricaturale qu’on en a trop souvent, l’intérêt pour l’enfant a une fonction épistémologique importante. Par l’analyse du projet artistique total de Philipp Otto Runge et la lecture du premier roman de formation de Jean Paul Richter, La loge invisible, elle montre que le rapport à l’enfance est la source de notre incapacité à l’achèvement et à la complétude, et structure ainsi un rapport au monde oscillant entre vérité et chaos. L’éducation devient alors la fragile possibilité d’accueillir encore la sagesse du futur que porte l’enfance.
520 _aGerman Romanticism often focused on childhood and the formation of man. This study supports the hypothesis that far from being anecdotal, if one abandons the caricatured vision that is still being disseminated, this focus on the child fulfills a prominent epistemological function. Through the analysis of Philipp Otto Runge’s total artistic project and the reading of Jean Paul Richter’s first training novel, Die unsichtbare Loge, this study shows that the relationship to childhood is the source of our inability to attain completion and completeness, and thus structures a relationship to the world oscillating between truth and that childhood carries.
690 _aenfance
690 _apédagogie
690 _aphilosophie de l’éducation
690 _aRomantisme allemand
690 _achildhood
690 _aGerman Romanticism
690 _apedagogy
690 _aphilosophy of education
786 0 _nLe Télémaque |  56 | 2 | 2019-12-17 | p. 97-115 | 1263-588X
856 4 1 _uhttps://shs.cairn.info/revue-le-telemaque-2019-2-page-97?lang=fr&redirect-ssocas=7080
999 _c1598096
_d1598096